000 00875cam a22002412 4500
001 0000020467
005 20151217161200.0
008 110919s xx 000 0 eng d
020 _a0853696764
040 _aKABU
_cKABU
245 1 0 _aBNF for children /
_cRoyal Pharmaceutical Society of Great Britain.
260 _aLondon :
_bBMJ.
300 _av.
650 0 _aPediatric pharmacology
_vPeriodicals
_xFormulae, receipts, prescriptions.
_@0000180743
650 0 _aDrugs
_vPeriodicals
_zGreat Britain.
_@0000180740
650 0 _aPharmacology.
_@0000155850
710 2 _aBritish Medical Association.
_@0000180741
710 2 _aRoyal Pharmaceutical Society of Great Britain.
_@0000180742
852 1 _9p3400 KES
852 1 _9p3400 KES
908 _a110919
950 _@1
999 _c15248
_d15248